Spell the Marvel Character #192 - Statistics

General Stats
  • This quiz has been taken 15 times
  • The average score is 6 of 7
Answer Stats
Picture Answer % Correct
Ant-Man
100%
Star-lord
100%
American Dream
85%
Quake
85%
Quasar
85%
Ulysses Bloodstone
85%
Reptil
77%
No matching quizzes found
Score Distribution
Percent of People with Each Score
Percentile by Number Answered
Your Score History
You have not taken this quiz